O bilancích v praxi zvláště o bilancích spořitelen a lidových peněžních ústavů vůbec

Na minha lista:
Detalhes bibliográficos
Formato: Livro
Idioma:tcheco
Publicado em: Praha Svaz československých spořitelen 1934
Tags: Adicionar Tag
Sem tags, seja o primeiro a adicionar uma tag!

MARC

LEADER 00000nam a2200000 4500
001 0268231
005 20240822101711.7
041 0 |a cze 
044 |a -CS 
245 1 0 |a O bilancích v praxi zvláště o bilancích spořitelen a lidových peněžních ústavů vůbec  |c František Holinka 
264 1 |a Praha  |b Svaz československých spořitelen  |c 1934